<?xml version="1.0" encoding="UTF-8"?>
<record
    xmlns:xsi="http://www.w3.org/2001/XMLSchema-instance"
    xsi:schemaLocation="http://www.loc.gov/MARC21/slim http://www.loc.gov/standards/marcxml/schema/MARC21slim.xsd"
    xmlns="http://www.loc.gov/MARC21/slim">

  <leader>01797nam a2200229Ia 4500</leader>
  <controlfield tag="001">6621</controlfield>
  <controlfield tag="008">260622s9999    xx            000 0 und d</controlfield>
  <datafield tag="020" ind1=" " ind2=" ">
    <subfield code="a">9789953891040</subfield>
  </datafield>
  <datafield tag="245" ind1=" " ind2="0">
    <subfield code="a">&#x645;&#x648;&#x633;&#x64A;&#x642;&#x649; &#x633;&#x648;&#x62F;&#x627;&#x621; &#x648; &#x642;&#x635;&#x635; &#x623;&#x62E;&#x631;&#x649;/ </subfield>
    <subfield code="c">&#x648;&#x644;&#x64A;&#x627;&#x645; &#x641;&#x648;&#x644;&#x643;&#x646;&#x631;. &#x645;&#x62A;&#x631;&#x62C;&#x645;: &#x633;&#x627;&#x645;&#x631; &#x623;&#x628;&#x648; &#x647;&#x648;&#x627;&#x634;</subfield>
  </datafield>
  <datafield tag="260" ind1=" " ind2=" ">
    <subfield code="b">&#x62F;&#x627;&#x631; &#x627;&#x644;&#x622;&#x62F;&#x627;&#x628;&#x60C; &#x628;&#x64A;&#x631;&#x648;&#x62A;&#x61B; &#x643;&#x644;&#x645;&#x629;&#x60C; &#x623;&#x628;&#x648; &#x638;&#x628;&#x64A;&#x61B; </subfield>
    <subfield code="c">2009</subfield>
  </datafield>
  <datafield tag="300" ind1=" " ind2=" ">
    <subfield code="a">550p; </subfield>
    <subfield code="c">22x14cm</subfield>
  </datafield>
  <datafield tag="505" ind1=" " ind2=" ">
    <subfield code="a">Original title: Vintage International Collected Stories of William Faulkner. Black Music and other Stories. By William Faulkner. Translated by Samer Abu Hawash ------This collection offers a fascinating glimpse into Faulkner's exploration of Southern life, cultural tensions, and human resilience, making it an essential read for literature enthusiasts. </subfield>
  </datafield>
  <datafield tag="520" ind1=" " ind2=" ">
    <subfield code="a">V. THE MIDDLE GROUND  Wash- &#x648;&#x648;&#x634;  Honor- &#x634;&#x631;&#x641;  Dr. Martin- &#x62F;. &#x645;&#x627;&#x631;&#x62A;&#x64A;&#x646;&#x648;  Fox Hunt- &#x635;&#x64A;&#x62F; &#x62B;&#x639;&#x644;&#x628;&#x629;  Pennsylvania Station- &#x645;&#x62D;&#x637;&#x651;&#x629; &#x628;&#x646;&#x633;&#x644;&#x641;&#x627;&#x646;&#x64A;&#x627;  Artist at Home- &#x641;&#x646;&#x627;&#x646; &#x641;&#x64A; &#x627;&#x644;&#x645;&#x646;&#x632;&#x644;  The Brooch- &#x627;&#x644;&#x628;&#x631;&#x648;&#x634;  Grandmother Millard- &#x62C;&#x62F;&#x651;&#x62A;&#x64A; &#x645;&#x64A;&#x644;&#x627;&#x631;&#x62F; &#x648; &#x627;&#x644;&#x62C;&#x646;&#x631;&#x627;&#x644; &#x628;&#x62F;&#x641;&#x648;&#x631;&#x62F; &#x641;&#x648;&#x631;&#x633;&#x62A; &#x648; &#x645;&#x639;&#x631;&#x643;&#x629; &#x647;&#x627;&#x631;&#x649;&#x643;&#x64A;&#x646; &#x643;&#x631;&#x64A;&#x643;  Golden Land- &#x627;&#x644;&#x623;&#x631;&#x636; &#x627;&#x644;&#x630;&#x647;&#x628;&#x64A;&#x629;  There Was a Queen- &#x643;&#x627;&#x646;&#x62A; &#x647;&#x646;&#x627;&#x643; &#x645;&#x644;&#x643;&#x629;  Mountain Victory- &#x627;&#x646;&#x62A;&#x635;&#x627;&#x631; &#x62C;&#x628;&#x644;&#x64A;  VI. BEYOND - &#x645;&#x627;&#x648;&#x631;&#x627;&#x621;  Beyond- &#x645;&#x627;&#x648;&#x631;&#x627;&#x621;  Black Music- &#x645;&#x648;&#x633;&#x64A;&#x642;&#x64A; &#x633;&#x648;&#x62F;&#x627;&#x621;  The Leg- &#x627;&#x644;&#x633;&#x651;&#x627;&#x642;  Mistral- &#x627;&#x644;&#x645;&#x64A;&#x633;&#x62A;&#x631;&#x627;&#x644;  Divorce in Naples- &#x637;&#x644;&#x627;&#x642; &#x641;&#x64A; &#x646;&#x627;&#x628;&#x648;&#x644;&#x64A;  Carcassonne- &#x643;&#x627;&#x631;&#x643;&#x633;&#x648;&#x646;</subfield>
  </datafield>
  <datafield tag="546" ind1=" " ind2=" ">
    <subfield code="a">Arabic</subfield>
  </datafield>
  <datafield tag="650" ind1=" " ind2=" ">
    <subfield code="a">PJ7501-8517 Arabic literature</subfield>
  </datafield>
  <datafield tag="650" ind1=" " ind2=" ">
    <subfield code="a">Translated works</subfield>
    <subfield code="9">9470</subfield>
  </datafield>
  <datafield tag="651" ind1=" " ind2=" ">
    <subfield code="a">USA</subfield>
  </datafield>
  <datafield tag="655" ind1=" " ind2=" ">
    <subfield code="a">Fiction &#x631;&#x648;&#x627;&#x64A;&#x629;</subfield>
    <subfield code="9">9471</subfield>
  </datafield>
  <datafield tag="700" ind1=" " ind2=" ">
    <subfield code="a">Abu Hawash, Samer &#x633;&#x627;&#x645;&#x631; &#x623;&#x628;&#x648; &#x647;&#x648;&#x627;&#x634;</subfield>
    <subfield code="9">9472</subfield>
  </datafield>
  <datafield tag="700" ind1=" " ind2=" ">
    <subfield code="a">Faulkner, William &#x648;&#x644;&#x64A;&#x645; &#x641;&#x648;&#x643;&#x646;&#x631;</subfield>
    <subfield code="9">9473</subfield>
  </datafield>
  <datafield tag="942" ind1=" " ind2=" ">
    <subfield code="c">BK</subfield>
  </datafield>
  <datafield tag="999" ind1=" " ind2=" ">
    <subfield code="c">6621</subfield>
    <subfield code="d">6621</subfield>
  </datafield>
  <datafield tag="952" ind1=" " ind2=" ">
    <subfield code="0">0</subfield>
    <subfield code="1">0</subfield>
    <subfield code="4">0</subfield>
    <subfield code="7">0</subfield>
    <subfield code="8">P</subfield>
    <subfield code="a">SAFL</subfield>
    <subfield code="b">SAFL</subfield>
    <subfield code="d">2026-06-22</subfield>
    <subfield code="l">0</subfield>
    <subfield code="o">PJ7501-8517 60.815</subfield>
    <subfield code="p">6621</subfield>
    <subfield code="r">2026-06-22</subfield>
    <subfield code="w">2026-06-22</subfield>
    <subfield code="y">BK</subfield>
  </datafield>
</record>
